000 00700nam a22002417a 4500
001 BR9902398
003 BR-BrBNA
005 20230928100333.0
007 ta
008 230509b bl.||||| |||| 00| 0 por d
040 _aBR-BrBNA
_bpor
_cBiblioteca Nacional de Agricultura
041 _a(Por)
072 _aE14
090 _ E14 BR9902398
110 1 _aSecretaria da Agricultura, do Abastecimento e Irrigacao, Florianopolis, SC (Brasil)
_98379
245 1 _aMunicipalizacao; uma nova forca para a agricultura
260 3 _aFlorianopolis, SC (Brasil):
_c1989.
300 _a50 p.
500 _a29 tables
650 _aProjeto Agricola
909 _a202309
_bLucia
_c55
_dLucia Elande
942 _cBK
999 _c60977
_d60977